The economic status of pedicab drivers in Dumaguete City / (Record no. 5747)
[ view plain ]
| 000 -LEADER | |
|---|---|
| fixed length control field | 02953naa a2200325Ia 4500 |
| 003 - CONTROL NUMBER IDENTIFIER | |
| control field | OSt |
| 005 - DATE AND TIME OF LATEST TRANSACTION | |
| control field | 20260416133403.0 |
| 008 - FIXED-LENGTH DATA ELEMENTS--GENERAL INFORMATION | |
| fixed length control field | 260416s2017 xx 000 0 und d |
| 040 ## - CATALOGING SOURCE | |
| Original cataloging agency | Foundation University |
| Language of cataloging | Eng |
| Transcribing agency | Foundation University |
| Description conventions | rda |
| 050 ## - LIBRARY OF CONGRESS CALL NUMBER | |
| Classification number | CBA (BsEco-FS) LG 221 D35 B87 |
| Item number | A5 B87 2015 A84 |
| 099 ## - LOCAL FREE-TEXT CALL NUMBER (OCLC) | |
| Classification number | 799 |
| 100 ## - MAIN ENTRY--PERSONAL NAME | |
| Personal name | Aseñas, Mary Grace C. |
| 9 (RLIN) | 1517 |
| Relator term | author. |
| 245 10 - TITLE STATEMENT | |
| Title | The economic status of pedicab drivers in Dumaguete City / |
| Statement of responsibility, etc. | by Mary Grace C. Aseñas, Shereal M. Gonzales, and Ma. Kristel T. Ramirez |
| 264 ## - PRODUCTION, PUBLICATION, DISTRIBUTION, MANUFACTURE, AND COPYRIGHT NOTICE | |
| Place of production, publication, distribution, manufacture | Dumaguete City : |
| Name of producer, publisher, distributor, manufacturer | Foundation University ; |
| Date of production, publication, distribution, manufacture, copy right date | 2015. |
| Copyright Date | 2015. |
| 300 ## - PHYSICAL DESCRIPTION | |
| Extent | 58 leaves : |
| Other physical details | ill. (chiefly color) ; |
| Dimensions | 28 cm. |
| Materials specified | volume |
| Type of unit | resource |
| 336 ## - CONTENT TYPE | |
| Source | rdacontent |
| Content type term | text |
| Content type code | txt |
| 337 ## - MEDIA TYPE | |
| Source | rdamedia |
| Media type term | unmediated |
| Media type code | n |
| 338 ## - CARRIER TYPE | |
| Materials specified | rdacarrier |
| Carrier type term | volume |
| Carrier type code | nc |
| 502 ## - DISSERTATION, THESIS NOTE | |
| Master's Degree Note | Undergraduate feasibility (BS in Administration Major Business Economics) - - Foundation University, 2015. |
| 504 ## - BIBLIOGRAPHY, ETC. NOTE | |
| Bibliography, etc. note | Includes bibliographical references and appendices. |
| 520 ## - ABSTRACT, SUMMARY, ETC. | |
| Abstract, Summary, etc. | ABSTRACT<br/>Pedicab or tricycle is a major mode of transporting passengers within the<br/>vicinity of Dumaguete City. Seemingly, pedicab driving has been considered by<br/>pedicab drivers as a green job for them because this type of job provides income<br/>to support their families. However, pedicab are increasing in number, alongside,<br/>problem arise.<br/>Thus, this study was conducted to describe the status of pedicab drivers of<br/>Dumaguete City as a growing working force in Dumaguete City. Included in this<br/>study are the Age, civil status, number of dependent family, and savings per day<br/>of the pedicab drivers<br/>This study made use of descriptive research method using a questionnaire as<br/>the main instrument. There are 2500 of the registered pedicab and 344 drivers<br/>were considered as respondents. Frequency, percentage and total weighted<br/>mean were employed to make the data meaningful. Findings of the study<br/>disclosed that all of the respondents are male, majority at age of 31 to 38 and<br/>most of them are married.<br/>Almost all of the respondents have 4 dependents of the family, and most of<br/>the respondents are high school graduate. Generally, they are driving full time and<br/>most of all the pedicab drivers do not own the pedicab they are using. However,<br/>majority of them claimed that they are in good health; otherwise, they'll encounter<br/>illness once in a month. |
| 650 ## - SUBJECT ADDED ENTRY--TOPICAL TERM | |
| Topical term or geographic name entry element | Pedicab drivers |
| Geographic subdivision | Philippines. |
| -- | Dumaguete City. |
| 9 (RLIN) | 1518 |
| 650 ## - SUBJECT ADDED ENTRY--TOPICAL TERM | |
| Topical term or geographic name entry element | Transportation workers |
| Geographic subdivision | Philippines. |
| 9 (RLIN) | 15506 |
| 650 ## - SUBJECT ADDED ENTRY--TOPICAL TERM | |
| Topical term or geographic name entry element | Income distribution |
| Geographic subdivision | Philippines. |
| 9 (RLIN) | 15505 |
| 650 ## - SUBJECT ADDED ENTRY--TOPICAL TERM | |
| Topical term or geographic name entry element | informal sector (Economics) |
| 9 (RLIN) | 15504 |
| Geographic subdivision | Philippines. |
| 658 ## - INDEX TERM--CURRICULUM OBJECTIVE | |
| Main curriculum objective | Project Feasibility Study : |
| Subordinate curriculum objective | Administration Major in Business Economics, Bachelor of Science in ; |
| Curriculum code | FSB301. |
| 700 1# - ADDED ENTRY--PERSONAL NAME | |
| Personal name | Gonazales, Shereal M. |
| Relator term | co-author |
| 9 (RLIN) | 15522 |
| 700 1# - ADDED ENTRY--PERSONAL NAME | |
| Personal name | Ramirez, Kristel T. Ma. |
| Relator term | co-author |
| 9 (RLIN) | 15525 |
| 942 ## - ADDED ENTRY ELEMENTS (KOHA) | |
| Source of classification or shelving scheme | Library of Congress Classification |
| Koha item type | Feasibility Study |
| Classification part | LG 221 D35 B87 |
| Item part | A5 B87 2015 A84 |
| Call number prefix | CBA (BsEco-FS) |
| Withdrawn status | Lost status | Source of classification or shelving scheme | Damaged status | Not for loan | Home library | Current library | Shelving location | Date acquired | Source of acquisition | Total Checkouts | Full call number | Barcode | Date last seen | Price effective from | Koha item type | Accession Number |
|---|---|---|---|---|---|---|---|---|---|---|---|---|---|---|---|---|
| Library of Congress Classification | Foundation University Library | Foundation University Library | Undergraduate Thesis | 04/16/2026 | Donated | CBA (BsEco-FS) LG 221 D35 B87 A5 B87 2015 A84 | 58997 | 04/16/2026 | 04/16/2026 | Feasibility Study | BsEco-FS-2026005 |
